000 01075nam a2200277 i 4500
001 151082
003 ES-MaACL
005 20240301062536.0
007 t|
008 071205s1988 sp ||||1| spa d
020 _a84-7483-470-8
080 _a016:78(086.72)
080 _a017.1(464.1 M.)
110 2 _aBiblioteca Nacional (España)
_92188
245 1 0 _aCatálogo de discos de 78 rpm. en la Biblioteca Nacional /
_c[dirección, Nieves Iglesias Martínez, Mª Pilar Gallego Cuadrado].
260 _aMadrid :
_bDirección General del Libro y Bibliotecas,
_c1988.
300 _a2 v. ;
_c24 cm.
505 8 _aContiene: I. Años 1924-1951 - II. Años 1952-1957 y Archivo de la palabra
650 4 _aMúsica-
_vDiscografías.
_915384
650 4 _aGrabaciones sonoras-
_zBiblioteca Nacional (España)-
_vCatálogos.
_913137
700 1 _aIglesias Martínez, Nieves.
_965125
700 1 _aGallego Cuadrado, María Pilar.
_953555
710 1 _aEspaña.
_bDirección General del Libro y Bibliotecas.
_93788
852 4 _aES-MaACL
_jL-12394-95
999 _c151082
_d151082